=LDR 00000nam 2200000 4500 =001 INLIS000000000054771 =005 20200224093455 =035 ##$$a 0010-0220000333 =007 ta =008 200224###########################0#ind## =020 ##$$a 978-602-407-186-8 =082 ##$$a 158.1 =084 ##$$a 158.1 sav b =245 1#$$a Bahagia itu ( tidak ) sederhana /$c Saviola Abimanyu =250 ##$$a Cet 1 =300 ##$$a 200 halaman ; $c 20 Cm. =650 #4$$a Kebahagian =700 #$$a Editor ; Denia Asyam =504 ##$$a bibliografi : halaman 195 - 199 =264 ##$$a Yogyakarta :$b Laksana,$c 2017 =336 ##$$a teks$2 rdacontent =337 ##$$a lain-lain$2 rdamedia =338 ##$$a lain-lain$2 rdacarrier =990 ##$$a 13131313 =990 ##$$a 13131313